000 00497nam a22001817i 4500
001 3434
003 OSt
005 20170126082318.0
007 tu
008 161220s1996 xxu||||| |||| 00| 0 d
024 7 _a3433
_2RID
040 _cOSt
100 1 _aNers, Krzysztof J.
245 0 0 _aMoving Beyond the EU White Paper and Approximation of Law. The Case for a Polish Accession Strategy
260 _aWarschau :
_bFriedrich-Ebert-Stiftung, Warschau,
_c1996.
300 _a37 S. ;
_c30cm.
651 _aPoland
942 _cB
999 _c3384
_d3384